000 00288 a2200133 4500
001 148876
040 _cEscola São Tomás de Aquino
100 _aQUEIRÓS, Bartolomeu Campos
240 1 0 _aRaul
_lpor
245 1 0 _aRaul
362 0 _a1997
697 _a*LITERATURA INFANTO
942 _cBK
999 _c148876
_d148876